000 00333nam a22001457a 4500
003 OSt
005 20160727222358.0
008 160622b xxu||||| |||| 00| 0 eng d
040 _cTEST
100 _9619
_aCruz, N
245 _aThe Lonely Now
260 _aN.J
_bLogos International
_c1971
300 _aThe Lonely Now
942 _2ddc
_cBK
999 _c504
_d504